000 01065cab a2200205 4500
001 ##L130977
008 050404n2003 000 0 eng u
035 _a(Sirsi) u130977
041 0 _aeng
050 0 4 _a630.142 $2 18
110 2 _aRoyal Institution of Chartered Surveyors
_bPolicy Unit
_94169
245 _aRICS rural land market survey Great Britain
_bfirst quarter 2003
260 _aLondon
_bRICS
_c2003
490 _aRICS Rural Land Market Survey Great Britain
_vFirst Quarter 2003
520 _aReveals that average farmland prices rebounded sharply in the first quarter of 2003, although uncertainty over the mid-term review has brought large sections of the market to a standstill. The survey reports that chartered surveyors have become more pessimistic over prices.
650 2 4 _aRICS RURAL LAND MARKET SURVEY GREAT BRITAIN
690 _aPROPERTY-RURAL AND NATURAL ASSETS
856 _uhttps://www.rics.org/profession-standards/knowledge-and-information-services/document-delivery-and-o
_zemail [email protected] to request a copy
942 _n0
999 _c104607
_d104607